000 00651cam a22001931i 4500
082 _a516.242
_bLAL
_cL-Tech P-20
100 1 _aLAl, BANSI
_939426
245 1 0 _aPlane trigonometry :
_cLal, BANSI
260 _aDELHI
_bBrij Lal Pury
_c1945.
300 _avi, 270 p. :
_bTables
_c22 CM
500 _a"Wentworth-Smith trigonometric and logarithmic tables" on card laid in.
500 _aPreliminary editions 1944 and 1945.
526 _a0
_b0
_c0
_d516_242000000000000_LAL
526 _a0
_b0
_c0
_d516_242000000000000_LAL
526 _a0
_b0
_c0
_d516_242000000000000_LAL
650 0 _aMCE
_9379
650 0 _aPlane trigonometry.
_939132
942 _2ddc
_cBK
999 _c543921
_d543921